书目信息 |
| 题名: |
经济基础理论及相关知识
|
|
| 作者: | ;人事部全国职称考试指导中心 编写 | |
| 分册: | 中级 | |
| 出版信息: | 北京 中国商业出版社 1993 |
|
| 页数: | 473页 | |
| 开本: | 19cm | |
| 丛书名: | ||
| 单 册: | ||
| 中图分类: | F-42 | |
| 科图分类: | ||
| 主题词: | 经济--专业--自学参考资料 | |
| 电子资源: | ||
| ISBN: | 7-5044-1962-1 | |
| 000 | 00814nam0 2200241 450 | |
| 001 | 0100479220 | |
| 005 | 20130904100935.0 | |
| 010 | @a7-5044-1962-1@dCNY11.50 | |
| 011 | @a7-5044-1962-1 | |
| 100 | @a20021005e19931993em y0chiy0110 ea | |
| 101 | 0 | @achi |
| 102 | @aCN@b110000 | |
| 105 | @ay z 000yy | |
| 106 | @ar | |
| 200 | 1 | @a经济基础理论及相关知识@9Jing Ji Ji Chu Li Lun Ji Xiang Guan Zhi Shi;Zhi @f人事部全国职称考试指导中心组织编写@h中级@b专著 |
| 210 | @a北京@c中国商业出版社@d1993@h1993重印 | |
| 215 | @a473页@d19cm | |
| 300 | @a全国经济专业技术资格考试指定用书 | |
| 606 | 0 | @a经济@x专业@x自学参考资料 |
| 690 | @aF-42@v3 | |
| 711 | 02 | @a人事部全国职称考试指导中心@9ren shi bu quan guo zhi cheng kao shi zhi dao zhong xin@4编写 |
| 801 | 0 | @aCN@bAiZhiMarc@c19931215 |
| 905 | @aBZT@dF-42@e2@f2@sF-42/2 | |
| 经济基础理论及相关知识/人事部全国职称考试指导中心组织编写.中级.-北京:中国商业出版社,1993(1993重印) |
| 473页;19cm |
| 全国经济专业技术资格考试指定用书 |
| ISBN 7-5044-1962-1:CNY11.50 |
| ● |
| 相关链接 |
|
|
|
正题名:经济基础理论及相关知识
索取号:F-42/2
 
预约/预借
| 序号 | 登录号 | 条形码 | 馆藏地/架位号 | 状态 | 备注 |
| 1 | 2000037206 | 2000037206 | 旧书回溯/ [索取号:F-42/2] | 在馆 | |
| 2 | 2000138694 | 2000138694 | 旧书回溯/ [索取号:F-42/2] | 在馆 |